Hebras feministas en la historia y la memoria de los pueblos originarios pampeano-patagónicos /

Guardado en:
Autor Principal: Hernández, Graciela
Formato: Libro
Publicado: Buenos Aires : Biblos, 2018
Materias:
Etiquetas: Agregar Etiqueta
Sin Etiquetas, Sea el primero en etiquetar este registro!
LEADER 00591nam a22001815a 4500
001 EHU.bham045439
003 AR-BHAM
005 20190627092442.0
008 130507s2018##################000#0#####d
020 |a 9879786916721 
082 3 0 |a 305.42 
100 1 |a Hernández, Graciela 
245 1 0 |a Hebras feministas en la historia y la memoria de los pueblos originarios pampeano-patagónicos /  |c  Graciela Hernández 
260 |a Buenos Aires :  |b Biblos,  |c 2018 
300 |a 193 p. 
653 |a Pueblos originarios 
653 |a Feminismo 
859 |a AR-BHAM  |b BIB. HUMANIDADES - General  |h 305.42  |i H43  |p 268.18  |t Ej.1